[Event "Politiken Cup 2008"]
[Site "Helsingør DEN"]
[Date "2008.07.20"]
[Round "3.33"]
[White "Eriksson, Christian"]
[Black "Hedman, Erik"]
[Result "0-1"]
[WhiteElo "2127"]
[BlackElo "2363"]
[PlyCount "40"]
[EventDate "2008.07.20"]
[EventType "swiss"]
[EventRounds "9"]
[EventCountry "DEN"]
[Source "lmi"]
[SourceDate "2008.07.20"]
[WhiteTeam "Hørsholm"]
[BlackTeam "SK Rokaden"]

1. e4 c5 2. c3 d5 3. exd5 Qxd5 4. d4 g6 5. Nf3 Bg7 6. Na3 cxd4 7. Bc4 Qe4+ 8.
Be3 Nh6 9. cxd4 O-O 10. O-O Bg4 11. Qd2 Bxf3 12. gxf3 Qh4 13. Bg5 Qh5 14. Bxe7
Nc6 15. Qg5 Nxe7 16. Qxe7 Bxd4 17. Nb5 Rae8 18. Qxb7 Be5 19. f4 Bxf4 20. h3 Re4
0-1

[Event "Politiken Cup 2008"]
[Site "Helsingør DEN"]
[Date "2008.07.20"]
[Round "3.35"]
[White "Dalberg, Preben"]
[Black "Overeem, Marc"]
[Result "1/2-1/2"]
[WhiteElo "2097"]
[BlackElo "2288"]
[PlyCount "80"]
[EventDate "2008.07.20"]
[EventType "swiss"]
[EventRounds "9"]
[EventCountry "DEN"]
[Source "lmi"]
[SourceDate "2008.07.20"]
[WhiteTeam "Holbæk"]
[BlackTeam "Max Euwe"]

1. c4 e5 2. g3 Nf6 3. Bg2 d5 4. cxd5 Nxd5 5. Nf3 Nc6 6. O-O Be7 7. d3 O-O 8.
Nbd2 Be6 9. Ne4 Nb6 10. Be3 Qd7 11. Nc5 Bxc5 12. Bxc5 Rfe8 13. a3 Bh3 14. b4
Bxg2 15. Kxg2 Rad8 16. Rc1 Nd4 17. Bxb6 axb6 18. e3 Ne6 19. Nxe5 Qd5+ 20. Nf3
Qxd3 21. Qxd3 Rxd3 22. Rfd1 Red8 23. Rxd3 Rxd3 24. Nd4 c6 25. Nxe6 fxe6 26. a4
Rb3 27. Rc4 Kf7 28. Kf3 Ke7 29. h4 Rb2 30. h5 e5 31. Ke4 Ke6 32. f4 b5 33. axb5
cxb5 34. Rc7 Rxb4+ 35. Kf3 e4+ 36. Kg4 Kf6 37. Rxb7 Rb3 38. Rb6+ Kf7 39. Rb7+
Kf6 40. Rb6+ Kf7 1/2-1/2

[Event "Politiken Cup 2008"]
[Site "Helsingør DEN"]
[Date "2008.07.20"]
[Round "3.36"]
[White "Nielsen, Palle"]
[Black "Sylvan, Jacob"]
[Result "1/2-1/2"]
[WhiteElo "1864"]
[BlackElo "2250"]
[PlyCount "84"]
[EventDate "2008.07.20"]
[EventType "swiss"]
[EventRounds "9"]
[EventCountry "DEN"]
[Source "lmi"]
[SourceDate "2008.07.20"]
[WhiteTeam "Ålsgårde"]
[BlackTeam "Odysseus"]

1. d4 d5 2. Nf3 e6 3. Nc3 Nf6 4. Bg5 Be7 5. e3 Nbd7 6. a3 c5 7. dxc5 Nxc5 8.
Bb5+ Bd7 9. Bxd7+ Qxd7 10. O-O O-O 11. Qe2 h6 12. Bh4 Rac8 13. Ne5 Qc7 14. f4
a6 15. Rac1 b5 16. Na2 Nfe4 17. Bxe7 Qxe7 18. Nb4 Rc7 19. Nbc6 Qd6 20. Nd4 Rfc8
21. c3 Nd7 22. Ng4 Rc4 23. Rcd1 Rb8 24. Qe1 a5 25. Rf3 b4 26. cxb4 axb4 27. b3
Rc3 28. a4 Qf8 29. Rb1 Ndc5 30. Ne5 Rc8 31. f5 exf5 32. Rxf5 Qe8 33. Ng4 Nd3
34. Qh4 Ndf2 35. Rxf2 Nxf2 36. Kxf2 Qe4 37. Re1 f5 38. Nxh6+ gxh6 39. Qxh6 R8c7
40. g3 Rh7 41. Qg6+ Rg7 42. Qd6 Rgc7 1/2-1/2

[Event "Politiken Cup 2008"]
[Site "Helsingør DEN"]
[Date "2008.07.20"]
[Round "3.37"]
[White "Angskog, Kent"]
[Black "Kragh, Niels Kristian"]
[Result "1-0"]
[WhiteElo "2247"]
[BlackElo "2112"]
[PlyCount "71"]
[EventDate "2008.07.20"]
[EventType "swiss"]
[EventRounds "9"]
[EventCountry "DEN"]
[Source "lmi"]
[SourceDate "2008.07.20"]
[WhiteTeam "Hornsdal SK"]
[BlackTeam "K41"]

1. Nf3 f5 2. d3 d6 3. e4 e5 4. Nc3 Nf6 5. g3 g6 6. Bg2 c6 7. O-O Bg7 8. Nh4 O-O
9. exf5 gxf5 10. d4 Be6 11. dxe5 dxe5 12. Qxd8 Rxd8 13. Bh3 Bc4 14. Re1 f4 15.
gxf4 e4 16. Be3 Na6 17. a3 Nc7 18. Rad1 Nfd5 19. Nxd5 Bxd5 20. Bd4 Bxd4 21.
Rxd4 Kf7 22. c4 c5 23. Rxd5 Nxd5 24. cxd5 Rxd5 25. Nf3 Kf6 26. Ng5 Re8 27.
Nxe4+ Kg7 28. f3 Rd2 29. f5 Rxb2 30. f6+ Kg6 31. f7 Rf8 32. Be6 b6 33. Kh1 Kh5
34. Rg1 Rd8 35. Nf6+ Kh6 36. Ne8 1-0

[Event "Politiken Cup 2008"]
[Site "Helsingør DEN"]
[Date "2008.07.20"]
[Round "3.39"]
[White "Petersen, Nils"]
[Black "Roelvaag, Mikael"]
[Result "1/2-1/2"]
[WhiteElo "2043"]
[BlackElo "2214"]
[PlyCount "36"]
[EventDate "2008.07.20"]
[EventType "swiss"]
[EventRounds "9"]
[EventCountry "DEN"]
[Source "lmi"]
[SourceDate "2008.07.20"]
[WhiteTeam "Øbro"]
[BlackTeam "Narvik"]

1. c4 c5 2. Nc3 g6 3. Nf3 Nc6 4. e3 Nf6 5. d4 Bg7 6. d5 Na5 7. Bd3 d6 8. O-O
O-O 9. e4 Bg4 10. h3 Bxf3 11. Qxf3 a6 12. Qe2 Nd7 13. Be3 Rb8 14. Rac1 Ne5 15.
b3 Nxd3 16. Qxd3 Qd7 17. Bd2 Rfc8 18. Na4 Qd8 1/2-1/2

[Event "Politiken Cup 2008"]
[Site "Helsingør DEN"]
[Date "2008.07.20"]
[Round "3.40"]
[White "Bjorneboe, Kristian"]
[Black "Rabus, Berthold"]
[Result "1/2-1/2"]
[WhiteElo "1850"]
[BlackElo "2198"]
[PlyCount "55"]
[EventDate "2008.07.20"]
[EventType "swiss"]
[EventRounds "9"]
[EventCountry "DEN"]
[Source "lmi"]
[SourceDate "2008.07.20"]
[WhiteTeam "Ålsgårde"]
[BlackTeam "SC Grunbach"]

1. d4 d5 2. Nf3 Nf6 3. e3 c6 4. Bd3 Bg4 5. c4 e6 6. O-O Nbd7 7. Nbd2 Bd6 8. Qc2
O-O 9. b3 e5 10. dxe5 Nxe5 11. Nxe5 Bxe5 12. Rb1 Re8 13. f4 Bc7 14. h3 Be6 15.
Bb2 dxc4 16. bxc4 Bxh3 17. e4 Bb6+ 18. Kh1 Bg4 19. Bxf6 Qxf6 20. c5 Bc7 21. e5
Qh4+ 22. Kg1 b6 23. Nf3 Qe7 24. Bxh7+ Kf8 25. Be4 Bd7 26. Rfd1 Rad8 27. Nd4
Qxc5 28. Qxc5+ 1/2-1/2

[Event "Politiken Cup 2008"]
[Site "Helsingør DEN"]
[Date "2008.07.20"]
[Round "3.41"]
[White "Blomstrom, Lars"]
[Black "Helin, Mikael"]
[Result "1-0"]
[WhiteElo "2197"]
[BlackElo "1933"]
[PlyCount "39"]
[EventDate "2008.07.20"]
[EventType "swiss"]
[EventRounds "9"]
[EventCountry "DEN"]
[Source "lmi"]
[SourceDate "2008.07.20"]
[WhiteTeam "ôrebro SS"]
[BlackTeam "Stockholm SS"]

1. e4 c5 2. Nf3 a6 3. c3 d5 4. exd5 Nf6 5. d4 cxd4 6. cxd4 Nxd5 7. Bc4 Be6 8.
O-O b5 9. Bb3 Nd7 10. Ng5 g6 11. Re1 Qb6 12. Nxe6 fxe6 13. Qg4 Rc8 14. Nc3 Bg7
15. Rxe6 N5f6 16. Qe2 Qd8 17. Rxa6 Rxc3 18. bxc3 Qc8 19. Qxb5 Kf8 20. Rc6 1-0

[Event "Politiken Cup 2008"]
[Site "Helsingør DEN"]
[Date "2008.07.20"]
[Round "3.42"]
[White "Moor, Olivier"]
[Black "Lund, Per"]
[Result "1-0"]
[WhiteElo "2388"]
[BlackElo "1878"]
[PlyCount "51"]
[EventDate "2008.07.20"]
[EventType "swiss"]
[EventRounds "9"]
[EventCountry "DEN"]
[Source "lmi"]
[SourceDate "2008.07.20"]
[BlackTeam "Frederiksund"]

1. d4 d5 2. c4 e6 3. Nf3 Nf6 4. g3 Be7 5. Bg2 O-O 6. O-O Nbd7 7. Qc2 b6 8. Rd1
Bb7 9. Nc3 Rc8 10. cxd5 Nxd5 11. e4 Nxc3 12. bxc3 Qe8 13. Bf4 c5 14. d5 exd5
15. exd5 Bf6 16. Bd6 c4 17. Nd2 b5 18. Rab1 a6 19. a4 Qe2 20. Bxf8 Kxf8 21.
Qxh7 g6 22. Ne4 Bg7 23. Rd2 Qg4 24. axb5 axb5 25. Rxb5 Ba8 26. Qh3 1-0

[Event "Politiken Cup 2008"]
[Site "Helsingør DEN"]
[Date "2008.07.20"]
[Round "3.43"]
[White "Rostgaard, Tobias Valentin"]
[Black "Hansen, Torbjorn Ringdal"]
[Result "1/2-1/2"]
[WhiteElo "2035"]
[BlackElo "2423"]
[PlyCount "80"]
[EventDate "2008.07.20"]
[EventType "swiss"]
[EventRounds "9"]
[EventCountry "DEN"]
[Source "lmi"]
[SourceDate "2008.07.20"]
[WhiteTeam "Frem"]
[BlackTeam "SK 1911"]

1. e4 c6 2. d4 d5 3. Nc3 dxe4 4. Nxe4 Nf6 5. Nxf6+ exf6 6. Nf3 Bd6 7. Bd3 O-O
8. O-O Bg4 9. c3 Nd7 10. Bc2 Qc7 11. Qd3 g6 12. h3 Be6 13. Bh6 Rfe8 14. c4 b5
15. b3 Rad8 16. Qc3 Qb8 17. Rad1 Rc8 18. Bd3 Bf8 19. Bxf8 Nxf8 20. Qa5 Red8 21.
d5 cxd5 22. Qxb5 Qf4 23. Be2 dxc4 24. Rxd8 Rxd8 25. bxc4 Rb8 26. Qa4 Rb2 27.
Re1 Qc7 28. Qa3 Rb8 29. Qc3 Nd7 30. Nd4 Kg7 31. Nxe6+ fxe6 32. Bg4 Nc5 33. Bxe6
Nxe6 34. Rxe6 Rb1+ 35. Re1 Rxe1+ 36. Qxe1 Qxc4 37. Qe7+ Qf7 38. Qe2 Qb7 39. Kh2
a5 40. Qc2 h5 1/2-1/2

[Event "Politiken Cup 2008"]
[Site "Helsingør DEN"]
[Date "2008.07.20"]
[Round "3.45"]
[White "Kulago, Alexander"]
[Black "Jensen, Ib"]
[Result "0-1"]
[WhiteElo "2305"]
[BlackElo "2005"]
[PlyCount "124"]
[EventDate "2008.07.20"]
[EventType "swiss"]
[EventRounds "9"]
[EventCountry "DEN"]
[Source "lmi"]
[SourceDate "2008.07.20"]
[BlackTeam "Helsingør"]

1. Nf3 Nf6 2. c4 c6 3. d4 d5 4. cxd5 cxd5 5. Nc3 Nc6 6. Bf4 Qb6 7. e3 Bf5 8.
Bb5 a6 9. Qa4 Rc8 10. Bxc6+ bxc6 11. O-O e6 12. Ne5 Be7 13. a3 O-O 14. b4 Rfd8
15. h3 Nd7 16. Rfc1 Nxe5 17. Bxe5 Bd3 18. Qd1 Bg6 19. Na4 Qb5 20. Rc3 f6 21.
Bg3 a5 22. Nc5 axb4 23. axb4 Bxc5 24. bxc5 Ra8 25. Rca3 Rxa3 26. Rxa3 Qb1 27.
Qxb1 Bxb1 28. Ra6 Rc8 29. Bd6 Bd3 30. Ra7 Bg6 31. Kf1 Bf7 32. h4 h6 33. g4 g5
34. hxg5 hxg5 35. Kg2 Kg7 36. Kg3 Kg6 37. f4 gxf4+ 38. exf4 Bg8 39. Kh4 Bf7 40.
g5 fxg5+ 41. fxg5 Rh8+ 42. Kg4 Rh1 43. Be7 e5 44. dxe5 Be6+ 45. Kf4 Rf1+ 46.
Ke3 Kf5 47. Bf6 Rc1 48. g6 Rxc5 49. g7 Rc3+ 50. Kd2 d4 51. Ra8 Rg3 52. Rh8 c5
53. Rh5+ Ke4 54. Be7 Rg2+ 55. Ke1 c4 56. Kf1 Rxg7 57. Rh4+ Kxe5 58. Bc5 Rd7 59.
Ke1 Bf5 60. Bf8 c3 61. Bc5 d3 62. Rc4 d2+ 0-1

[Event "Politiken Cup 2008"]
[Site "Helsingør DEN"]
[Date "2008.07.20"]
[Round "3.46"]
[White "Skovgaard, Peter"]
[Black "Noer, Martin Stampe"]
[Result "1-0"]
[WhiteElo "2255"]
[BlackElo "2000"]
[PlyCount "73"]
[EventDate "2008.07.20"]
[EventType "swiss"]
[EventRounds "9"]
[EventCountry "DEN"]
[Source "lmi"]
[SourceDate "2008.07.20"]
[WhiteTeam "BMS"]
[BlackTeam "Nordkalotten"]

1. e4 c6 2. Nf3 d5 3. exd5 cxd5 4. Ne5 Qb6 5. d4 Nc6 6. c3 Nf6 7. Nd2 Bf5 8.
Ndf3 e6 9. Nxc6 bxc6 10. Ne5 Bd6 11. Nd3 O-O 12. Be2 Ne4 13. Be3 a5 14. O-O a4
15. f3 Nf6 16. Qd2 Rfb8 17. Rab1 Qc7 18. f4 Ne4 19. Qe1 c5 20. g4 Bg6 21. dxc5
Nxc5 22. f5 Bxh2+ 23. Kg2 Nxd3 24. Bxd3 exf5 25. gxf5 Re8 26. fxg6 hxg6 27. Qf2
d4 28. Bxd4 Ra5 29. Qxf7+ Qxf7 30. Rxf7 Kxf7 31. Bc4+ Kf8 32. Rf1+ Rf5 33. Bc5+
Re7 34. Rxf5+ gxf5 35. Kxh2 g5 36. Bb5 Kf7 37. Bxe7 1-0

[Event "Politiken Cup 2008"]
[Site "Helsingør DEN"]
[Date "2008.07.20"]
[Round "3.47"]
[White "Jensen, Soren Holm"]
[Black "Olsen, Peter Erik"]
[Result "0-1"]
[WhiteElo "2032"]
[BlackElo "2224"]
[PlyCount "64"]
[EventDate "2008.07.20"]
[EventType "swiss"]
[EventRounds "9"]
[EventCountry "DEN"]
[Source "lmi"]
[SourceDate "2008.07.20"]
[WhiteTeam "Brønshøj"]
[BlackTeam "Seksløberen"]

1. e4 d5 2. exd5 Qxd5 3. Nc3 Qa5 4. d4 Nf6 5. Nf3 Nc6 6. Bb5 Ne4 7. Bxc6+ bxc6
8. O-O Nxc3 9. bxc3 Bf5 10. Bd2 e6 11. Ne5 Bd6 12. Nxc6 Qa4 13. Nb4 c5 14. dxc5
Bxc5 15. Nd3 Bb6 16. Qf3 O-O 17. Nb4 Rfd8 18. Be3 Bxe3 19. fxe3 Rac8 20. Rad1
Qe8 21. e4 Bg6 22. Rd4 a5 23. Nd3 Rxc3 24. Rxd8 Qxd8 25. Qe2 h6 26. Re1 Qc7 27.
Rc1 Qc4 28. Qd2 Bxe4 29. Nf2 Qc5 30. Kf1 Rxc2 31. Rxc2 Bxc2 32. Qe2 Qc3 0-1

[Event "Politiken Cup 2008"]
[Site "Helsingør DEN"]
[Date "2008.07.20"]
[Round "3.49"]
[White "Hvenekilde, Jorgen"]
[Black "Jacobsen, Súni"]
[Result "1-0"]
[WhiteElo "2179"]
[BlackElo "1981"]
[PlyCount "89"]
[EventDate "2008.07.20"]
[EventType "swiss"]
[EventRounds "9"]
[EventCountry "DEN"]
[Source "lmi"]
[SourceDate "2008.07.20"]
[WhiteTeam "Næstved"]
[BlackTeam "Havnar Telvingarfelag"]

1. d4 Nf6 2. c4 g6 3. Nc3 d5 4. cxd5 Nxd5 5. Nf3 Bg7 6. e4 Nxc3 7. bxc3 O-O 8.
Ba3 Nd7 9. Qb3 Re8 10. Rd1 e6 11. Bd3 Bf8 12. Bxf8 Kxf8 13. h4 h6 14. e5 Kg7
15. Rh3 Nb6 16. Rg3 Rg8 17. Qc2 Qe8 18. Qc1 Nd5 19. Nh2 h5 20. c4 Ne7 21. Qg5
Nf5 22. Bxf5 exf5 23. Qf6+ Kf8 24. Nf3 Qe7 25. Ng5 Qxf6 26. exf6 f4 27. Rb3 Ke8
28. Kd2 Kd7 29. Re1 Re8 30. Rbb1 Re6 31. Nxe6 fxe6 32. Re4 b6 33. Rbe1 Kd6 34.
Rxf4 Bb7 35. f3 c5 36. f7 Rf8 37. d5 e5 38. Rf6+ Ke7 39. Re6+ Kxf7 40. R1xe5
Kg7 41. Re7+ Rf7 42. d6 Bc6 43. Rxf7+ Kxf7 44. Re7+ Kf6 45. Rc7 1-0

[Event "Politiken Cup 2008"]
[Site "Helsingør DEN"]
[Date "2008.07.20"]
[Round "3.50"]
[White "Christiansen, Erling"]
[Black "Pedersen, Henrik B"]
[Result "1/2-1/2"]
[WhiteElo "2008"]
[BlackElo "2178"]
[PlyCount "75"]
[EventDate "2008.07.20"]
[EventType "swiss"]
[EventRounds "9"]
[EventCountry "DEN"]
[Source "lmi"]
[SourceDate "2008.07.20"]
[WhiteTeam "Valby"]
[BlackTeam "Herlev"]

1. e4 e6 2. d4 d5 3. e5 c5 4. c3 Nc6 5. Nf3 Bd7 6. Be2 f6 7. exf6 Nxf6 8. O-O
Bd6 9. Bg5 O-O 10. Kh1 Qc7 11. Bh4 c4 12. Nbd2 b5 13. a3 a5 14. Qc2 Rae8 15.
Bxf6 Rxf6 16. g3 Rh6 17. Rg1 Rf8 18. Rg2 Be8 19. Rf1 Bg6 20. Qd1 Kh8 21. Ng1 b4
22. axb4 axb4 23. f4 bxc3 24. bxc3 Qa5 25. Qa1 Ra8 26. Qxa5 Rxa5 27. Bg4 Bd3
28. Re1 Ra3 29. Rxe6 Rxe6 30. Bxe6 Rxc3 31. Bxd5 Nxd4 32. Ne4 Bxe4 33. Bxe4 Rc1
34. Ra2 g6 35. Kg2 Re1 36. Bc2 Rc1 37. Ba4 Bc5 38. Ne2 1/2-1/2

[Event "Politiken Cup 2008"]
[Site "Helsingør DEN"]
[Date "2008.07.20"]
[Round "3.52"]
[White "Akdag, Dara"]
[Black "Fischer, Thomas"]
[Result "1-0"]
[WhiteElo "2172"]
[BlackElo "1976"]
[PlyCount "69"]
[EventDate "2008.07.20"]
[EventType "swiss"]
[EventRounds "9"]
[EventCountry "DEN"]
[Source "lmi"]
[SourceDate "2008.07.20"]
[WhiteTeam "BMS"]
[BlackTeam "SC Grunbach"]

1. d4 Nf6 2. c4 e5 3. dxe5 Ng4 4. Nf3 Nc6 5. Bf4 Bb4+ 6. Nbd2 Qe7 7. a3 Ngxe5
8. e3 Bxd2+ 9. Qxd2 d6 10. Be2 O-O 11. O-O b6 12. Nd4 Bb7 13. Nb5 Ng6 14. Bg3
Na5 15. Rad1 a6 16. Nc3 Nb3 17. Qc2 Nc5 18. Nd5 Bxd5 19. cxd5 Ne4 20. Rc1 Ra7
21. Bd3 f5 22. Rfd1 Re8 23. Bxe4 Qxe4 24. Qe2 f4 25. Rc4 Qe5 26. f3 fxg3 27.
Re4 Qh5 28. Rxe8+ Kf7 29. hxg3 Kxe8 30. Rd4 Ne5 31. Rh4 Qg6 32. f4 Nd7 33. e4
Nc5 34. b4 Nd7 35. e5 1-0

[Event "Politiken Cup 2008"]
[Site "Helsingør DEN"]
[Date "2008.07.20"]
[Round "3.53"]
[White "Rasmussen, Morten"]
[Black "Krasenkova, Ilena"]
[Result "0-1"]
[WhiteElo "1996"]
[BlackElo "2171"]
[PlyCount "96"]
[EventDate "2008.07.20"]
[EventType "swiss"]
[EventRounds "9"]
[EventCountry "DEN"]
[Source "lmi"]
[SourceDate "2008.07.20"]
[WhiteTeam "Skanderborg"]

1. d4 Nf6 2. Nf3 g6 3. c3 Bg7 4. Bg5 d5 5. Nbd2 c6 6. e3 Qb6 7. Qb3 Bf5 8. Be2
Nbd7 9. O-O h6 10. Bf4 g5 11. Bg3 Nh5 12. Rfe1 Nxg3 13. hxg3 Qxb3 14. axb3 O-O
15. b4 Rfe8 16. Nb3 e5 17. b5 g4 18. Nxe5 Nxe5 19. dxe5 Bxe5 20. Nd4 Bd7 21.
bxc6 bxc6 22. Ra6 c5 23. Nc6 Bg7 24. Rea1 d4 25. Bc4 dxe3 26. fxe3 Rxe3 27. Rf1
Be6 28. Bxe6 Rxe6 29. Rxa7 Rxa7 30. Nxa7 Be5 31. Re1 Bxg3 32. Rxe6 fxe6 33. Nc6
Kf7 34. Nd8+ Ke7 35. Nb7 Bc7 36. Nxc5 Bb6 37. b4 Kd6 38. Kh2 Bxc5 39. bxc5+
Kxc5 40. Kg3 h5 41. Kh4 e5 42. Kxh5 Kc4 43. Kxg4 e4 44. Kf4 Kd3 45. g4 e3 46.
g5 e2 47. g6 e1=Q 48. Kf5 Qxc3 0-1

[Event "Politiken Cup 2008"]
[Site "Helsingør DEN"]
[Date "2008.07.20"]
[Round "3.54"]
[White "Petersen, Steen"]
[Black "Andersen, Daniel"]
[Result "1-0"]
[WhiteElo "2170"]
[BlackElo "1969"]
[PlyCount "47"]
[EventDate "2008.07.20"]
[EventType "swiss"]
[EventRounds "9"]
[EventCountry "DEN"]
[Source "lmi"]
[SourceDate "2008.07.20"]
[WhiteTeam "Brønshøj"]
[BlackTeam "Frederikssund"]

1. e4 e6 2. d3 d5 3. Nd2 Nf6 4. Ngf3 b6 5. c3 Be7 6. Qc2 O-O 7. e5 Nfd7 8. d4
c5 9. Bd3 h6 10. Nf1 Re8 11. h4 Ba6 12. g4 Bxd3 13. Qxd3 Nf8 14. Ng3 cxd4 15.
cxd4 Nc6 16. a3 f6 17. g5 fxg5 18. hxg5 hxg5 19. Nh5 g4 20. Rg1 Kf7 21. Rxg4 g6
22. Rf4+ Kg8 23. Rxf8+ Kxf8 24. Qxg6 1-0

[Event "Politiken Cup 2008"]
[Site "Helsingør DEN"]
[Date "2008.07.20"]
[Round "3.55"]
[White "Petersen, Martin Reib"]
[Black "Jorgensen, Dennis"]
[Result "0-1"]
[WhiteElo "1987"]
[BlackElo "2167"]
[PlyCount "78"]
[EventDate "2008.07.20"]
[EventType "swiss"]
[EventRounds "9"]
[EventCountry "DEN"]
[Source "lmi"]
[SourceDate "2008.07.20"]
[WhiteTeam "Øbro"]
[BlackTeam "Allerød"]

1. Nf3 Nf6 2. g3 d5 3. Bg2 c6 4. O-O Bg4 5. Ne5 Bf5 6. d4 e6 7. Nd2 Nbd7 8.
Ndf3 h6 9. Be3 Bd6 10. c4 Qb8 11. cxd5 exd5 12. Nxd7 Bxd7 13. Bd2 O-O 14. Qc1
Ne4 15. Bf4 Re8 16. Ne5 Bf5 17. f3 Nf6 18. e4 Bh7 19. b4 a6 20. Qb2 Bc7 21.
Rae1 Qd8 22. a4 Bb6 23. Kh1 dxe4 24. Qb3 Qd5 25. Qxd5 cxd5 26. fxe4 Nxe4 27.
Be3 Re7 28. Rf3 Rae8 29. Ref1 Nd6 30. Bg1 f6 31. Nd3 Be4 32. Nc5 Bxf3 33. Bxf3
Ne4 34. Nxe4 dxe4 35. Be2 e3 36. Rd1 Re4 37. a5 Bxd4 38. Bf3 e2 39. Bxe2 Bxg1
0-1

[Event "Politiken Cup 2008"]
[Site "Helsingør DEN"]
[Date "2008.07.20"]
[Round "3.56"]
[White "Andersen, Mads"]
[Black "Ochsner, Bjorn Moller"]
[Result "1-0"]
[WhiteElo "2092"]
[BlackElo "1963"]
[PlyCount "111"]
[EventDate "2008.07.20"]
[EventType "swiss"]
[EventRounds "9"]
[EventCountry "DEN"]
[Source "lmi"]
[SourceDate "2008.07.20"]
[WhiteTeam "Skanderborg"]
[BlackTeam "Århus/skolerne"]

1. e4 c5 2. Nf3 d6 3. d4 cxd4 4. Nxd4 Nf6 5. Nc3 a6 6. Be2 e5 7. Nb3 Be7 8. Be3
Be6 9. Nd5 Bxd5 10. exd5 O-O 11. Qd2 Nbd7 12. Na5 Qc7 13. f3 Rfc8 14. c4 Bd8
15. b4 b5 16. Rc1 Nb6 17. O-O Qd7 18. Nc6 Qb7 19. Na5 Qd7 20. Nc6 Qb7 21. Rfd1
Nxc4 22. Bxc4 bxc4 23. Rxc4 Qb5 24. Qd3 Rc7 25. a4 Qxa4 26. Bb6 Rxc6 27. Rxc6
Qxb4 28. Bxd8 Rxd8 29. Rxa6 Qc5+ 30. Kh1 e4 31. Qd4 e3 32. Qxc5 dxc5 33. d6 g6
34. Kg1 c4 35. Kf1 c3 36. Rc6 Kg7 37. Rxc3 Ne8 38. d7 Nf6 39. Rc7 Kf8 40. Ke2
Ke7 41. Kxe3 Ke6 42. Rc6+ Ke7 43. Kf4 Nxd7 44. Rcd6 f6 45. R6d2 Ke8 46. h4 Ke7
47. g4 Ke8 48. g5 f5 49. h5 Ke7 50. hxg6 hxg6 51. Rxd7+ Rxd7 52. Rxd7+ Kxd7 53.
Ke5 f4 54. Kf6 Kd6 55. Kxg6 Ke5 56. Kh5 1-0

[Event "Politiken Cup 2008"]
[Site "Helsingør DEN"]
[Date "2008.07.20"]
[Round "3.57"]
[White "Holst, Conny"]
[Black "Ronningen, Anders"]
[Result "1-0"]
[WhiteElo "2161"]
[BlackElo "1960"]
[PlyCount "123"]
[EventDate "2008.07.20"]
[EventType "swiss"]
[EventRounds "9"]
[EventCountry "DEN"]
[Source "lmi"]
[SourceDate "2008.07.20"]
[WhiteTeam "Limhamns SK"]
[BlackTeam "Kongsvinger"]

1. d4 d5 2. c4 e6 3. Nc3 Nf6 4. Bg5 Be7 5. e3 Nbd7 6. Nf3 O-O 7. Qc2 c5 8. dxc5
dxc4 9. Bxc4 Nxc5 10. O-O a6 11. Rfd1 Ncd7 12. Bd3 h6 13. Bf4 b5 14. h3 Bb7 15.
Ne5 Qc8 16. Nxd7 Nxd7 17. Qe2 Nf6 18. Rac1 Qe8 19. Nxb5 Nd5 20. Nc7 Nxc7 21.
Rxc7 Bd5 22. Bc4 Bc6 23. Qg4 Kh7 24. Be5 Rg8 25. Rc1 Bb5 26. Bxb5 axb5 27. a3
Ra4 28. Qd1 f6 29. Qd3+ Kh8 30. Bd6 Bxd6 31. Qxd6 e5 32. Rb7 Rc4 33. Rxc4 bxc4
34. Qd5 Qc8 35. a4 c3 36. bxc3 Qxc3 37. Rb1 Qc2 38. Qb3 Qxb3 39. Rxb3 Ra8 40.
Ra3 Kg8 41. a5 Kf7 42. a6 Ra7 43. Kf1 Ke6 44. Ke2 Kd6 45. Kd3 Kc7 46. Kc4 Kb8
47. Ra2 Ka8 48. Kd5 Rd7+ 49. Ke6 Rc7 50. h4 Ka7 51. Kf5 Rc4 52. e4 Rd4 53. f3
Rd7 54. Ra3 Rc7 55. g3 Rd7 56. Kg6 Rc7 57. f4 exf4 58. gxf4 Rc4 59. Kxg7 Rxe4
60. Rf3 Re6 61. Kxh6 Kxa6 62. Kg6 1-0

[Event "Politiken Cup 2008"]
[Site "Helsingør DEN"]
[Date "2008.07.20"]
[Round "3.58"]
[White "Jorgensen, Arne Bjorn"]
[Black "Kristensen, Kjell Ole"]
[Result "0-1"]
[WhiteElo "1984"]
[BlackElo "2159"]
[PlyCount "58"]
[EventDate "2008.07.20"]
[EventType "swiss"]
[EventRounds "9"]
[EventCountry "DEN"]
[Source "lmi"]
[SourceDate "2008.07.20"]
[WhiteTeam "Rudersdal"]
[BlackTeam "Narvik"]

1. d4 Nf6 2. c4 e5 3. dxe5 Ng4 4. Nf3 Nc6 5. e3 Ngxe5 6. Be2 g6 7. O-O Bg7 8.
Nbd2 d6 9. a3 a5 10. Nd4 O-O 11. N2f3 Bd7 12. Qc2 Qe7 13. Bd2 f5 14. Bc3 b6 15.
b3 g5 16. Rae1 g4 17. Nxc6 Bxc6 18. Nd4 Be4 19. Qd2 c5 20. Nb5 Nf3+ 21. Bxf3
gxf3 22. g3 Rad8 23. h4 Bxc3 24. Nxc3 Qe5 25. Rd1 Kh8 26. Nxe4 Qxe4 27. Qd3 Qg4
28. Qc3+ Kg8 29. Rd5 Qh3 0-1

[Event "Politiken Cup 2008"]
[Site "Helsingør DEN"]
[Date "2008.07.20"]
[Round "3.59"]
[White "Dvoretska, Olena"]
[Black "Andersen, Dag"]
[Result "1-0"]
[WhiteElo "2156"]
[BlackElo "1944"]
[PlyCount "85"]
[EventDate "2008.07.20"]
[EventType "swiss"]
[EventRounds "9"]
[EventCountry "DEN"]
[Source "lmi"]
[SourceDate "2008.07.20"]
[BlackTeam "Indre Østfolds Sjakkselskab"]

1. d4 d5 2. c4 e6 3. Nc3 Be7 4. Nf3 Nf6 5. Bg5 O-O 6. Qc2 h6 7. Bh4 b6 8. cxd5
exd5 9. e3 Bb7 10. Bd3 a6 11. Rc1 Nbd7 12. O-O Re8 13. Rfd1 Nf8 14. a3 Ne6 15.
b4 Nh5 16. Bxe7 Qxe7 17. Qb3 Rad8 18. Bb1 Nf6 19. Ne2 Ne4 20. Ng3 Nxg3 21. hxg3
Nf8 22. Ne5 Rd6 23. Rc3 c6 24. Rdc1 Qf6 25. a4 h5 26. Qc2 Ree6 27. f4 g6 28.
Qf2 Qg7 29. Rf1 Rf6 30. g4 Nh7 31. Qg3 Bc8 32. g5 Rfe6 33. f5 gxf5 34. Bxf5
Nxg5 35. Bxe6 Rxe6 36. Qh4 f6 37. Rxc6 Rxc6 38. Nxc6 Bg4 39. Qg3 Nf7 40. Ne7+
Kh7 41. Nxd5 f5 42. Rc1 Qg6 43. Rc7 1-0

[Event "Politiken Cup 2008"]
[Site "Helsingør DEN"]
[Date "2008.07.20"]
[Round "3.60"]
[White "Guttulsrud, Odd Martin"]
[Black "Rosenkilde, Alexander"]
[Result "1/2-1/2"]
[WhiteElo "1976"]
[BlackElo "2156"]
[PlyCount "80"]
[EventDate "2008.07.20"]
[EventType "swiss"]
[EventRounds "9"]
[EventCountry "DEN"]
[Source "lmi"]
[SourceDate "2008.07.20"]
[WhiteTeam "1911"]
[BlackTeam "Taastrup"]

1. e4 c5 2. Nf3 Nc6 3. d4 cxd4 4. Nxd4 Nf6 5. Nc3 e5 6. Ndb5 d6 7. Bg5 a6 8.
Na3 b5 9. Nd5 Be7 10. Bxf6 Bxf6 11. c3 O-O 12. Nc2 Bg5 13. a4 bxa4 14. Rxa4 a5
15. Bc4 Rb8 16. b3 Kh8 17. O-O f5 18. Qd3 fxe4 19. Qxe4 Bf5 20. Qe2 Bg6 21. b4
axb4 22. Ncxb4 Rc8 23. Bd3 Be8 24. Qe4 g6 25. Nxc6 Bxc6 26. Ra7 Qe8 27. c4 Rf4
28. Qe2 Rd4 29. Be4 Ra8 30. Rfa1 Rxa7 31. Rxa7 Qf8 32. g3 Rd2 33. Qe1 Rb2 34.
Nf6 Qxf6 35. Bxc6 Bd2 36. Qe4 Bc3 37. Ra8+ Kg7 38. Ra7+ Kh8 39. Ra8+ Kg7 40.
Ra7+ Kh8 1/2-1/2